Science Contest Trivia (Hard) - Statistics

General Stats
  • This quiz has been taken 203 times
  • The average score is 6 of 20
Answer Stats
Hint Answer % Correct
Most abundant element in space Hydrogen
74%
Number of bones in an adult human body 206
73%
Part of the female human body where fertilisation occurs Fallopian tube
51%
Derivative of sinx cosx
46%
Used to measure earthquakes Seismograph
46%
Z-score is the number of ________ ________s away from the mean. Standard Deviation
43%
Amount of energy needed to remove an electron from an atom/ion Ionization energy
32%
Largest crocodile on the planet Saltwater crocodile
32%
Process of applying a protective zinc coating to steel or iron Galvanization
30%
Orbiting object the that is always on top of the same point on Earth Geostationary orbit
26%
Table used to predict genetic outcome of offsprings based on parent genes Punnett Square
23%
Produced when two objects have the same frequencies Resonance
20%
Flower-bearing plants Angiosperm
16%
Breaking down of fats into smaller globules Emulsification
15%
Inventor of the microscope Robert Hooke
11%
Another word for x-coordinate Abscissa
9%
Device with jaws, used to measure lengths of small thin objects precisely Vernier caliper
8%
Phenomenon occurring when second measurements tend closer to the average Regression towards the mean
6%
Body parts which have become reduced because of uselessness Vestige
5%
Protein deficiency Kwashiorkor
4%
No matching quizzes found
Score Distribution
Percent of People with Each Score
Percentile by Number Answered
Your Score History
You have not taken this quiz